Statistics for My House - Flo Rida lyrics

Click here to take the quiz!

General Stats

  • This quiz has been taken 135 times
    (133 since last reset)
  • The average score is 153 of 287

Answer Stats

Answer% Correct
house
95%
my
95%
we
95%
to
94%
welcome
92%
do
86%
go
80%
don't
78%
no
77%
the
77%
i
75%
a
73%
out
72%
baby
71%
now
69%
you
65%
can
64%
down
63%
slow
63%
control
62%
take
61%
too
60%
loud
59%
me
59%
even
58%
up
58%
and
56%
that
56%
in
55%
music
55%
play
55%
so
55%
what
55%
can't
54%
open
54%
on
51%
it
49%
champagne
48%
is
47%
show
47%
night
45%
come
44%
gotta
42%
know
42%
this
42%
where
42%
stay
41%
begins
39%
door
39%
tu
39%
your
39%
been
36%
it's
36%
live
36%
sometimes
36%
hear
34%
mi
34%
knock
33%
just
32%
home
31%
yeah
31%
casa
29%
tell
29%
'cause
28%
before
27%
es
27%
wanna
27%
morning
25%
done
24%
has
23%
let's
23%
back
22%
of
22%
relax
22%
time
22%
comes
21%
if
21%
yourself
21%
celebrate
20%
changed
20%
cheers
20%
pretend
20%
at
19%
cold
19%
floor
19%
keep
19%
make
19%
pour
19%
something
19%
clothes
18%
tonight
18%
but
17%
continue
17%
our
17%
crib
16%
slam
16%
touchdown
16%
blinds
15%
close
15%
pass
15%
run
15%
holding
14%
ain't
13%
spot
13%
throwin'
13%
as
12%
cash
12%
excuse
12%
off
12%
glass
11%
pad
11%
what's
11%
another
9%
faces
9%
like
9%
shot
9%
vodka
7%
with
7%
happy
5%
sad
2%
soon
2%
drainin'
1%
lay
1%
these
1%
drunk
0%

Score Distribution

Percentile by Number Answered

Percent of People with Each Score

Your Score History

You have not taken this quiz since the last reset